00258nam a2200097Ia 4500001000800000005001700008008004100025020001800066245005200084260002400136126106020260417140344.0260417s9999 xx 000 0 und d a9786051858012 0aYahya Kemal’e VedacAbdülhak Şinasi Hisar bEverest Yayınları